00270nam a22000977a 4500008004100000041000800041080001000049100000600059101001100065245009600076180505b xxu||||| |||| 00| 0 eng d aeng a043.3 a0 aMBE-BA aZbatimi i Sistemeve te Menaxhimit ne Ndermarrjet e vogla dhe te mesme ne KosovecVokshi, Sh